000 00966cam a2200289Ia 4500
999 _c3630
_d3630
001 ocn452033059
003 OCoLC
005 20171007145121.0
008 091007s1999 le b 000 0 ara d
020 _a2745114379
020 _a9782745114372
035 _a(OCoLC)452033059
040 _aLOA
_beng
_cLOA
_dOCLCQ
_dEXG
_dOCLCF
_dOCLCO
_dOCLCQ
049 _aTZAA
050 4 _aPJ6127
_b.Y36
100 1 _aYamīn, Nāṣīf.
245 1 3 _aAl-Muʻjam al-mufaṣṣal fī al-imlāʼ : :
_bqawāʻid wa-nuṣūs /
_ciʻdād Nāṣif Yamīn.
250 _aal-Ṭabʻah 4.
260 _aBayrūt :
_b Dār al-Kutub al-ʻIlmīyah
_c1999.
300 _a360 pages ;
_c25 cm.
490 1 _aal-Khizānah al-lughawīyah
504 _aIncludes bibliographical references (pages 343-345).
650 0 _aArabic language
_xOrthography and spelling.
650 7 _aArabic language
_xOrthography and spelling.
_2fast
830 0 _aKhizānah al-lughawīyah.
942 _2lcc
_cBOOK